LEADER 01022nam 2200349 450 001 9910810013303321 005 20180914081657.0 010 $a1-4985-6659-6 035 $a(CKB)4100000004821554 035 $a(MiAaPQ)EBC5400543 035 $a(EXLCZ)994100000004821554 100 $a20180628d2018 uy 0 101 0 $aeng 135 $aurcnu|||||||| 181 $ctxt$2rdacontent 182 $cc$2rdamedia 183 $acr$2rdacarrier 200 10$aTropical idolatry $ea theological history of Catholic colonialism in the Pacific world, 1568-1700 /$fR. L. Green 210 1$aLanham :$cLexington Books,$d[2018] 210 4$dİ2018 215 $a1 online resource (151 pages) 311 $a1-4985-6658-8 320 $aIncludes bibliographical references and index. 676 $a266/.2 700 $aGreen$b R. L.$f1978-$01620375 801 0$bMiAaPQ 801 1$bMiAaPQ 801 2$bMiAaPQ 906 $aBOOK 912 $a9910810013303321 996 $aTropical idolatry$93953093 997 $aUNINA LEADER 03675nam 22006975 450 001 9910144608003321 005 20200701031445.0 010 $a9783540315254 010 $a354031525X 024 7 $a10.1007/b103529 035 $a(CKB)1000000000231796 035 $a(DE-He213)978-3-540-31525-4 035 $a(SSID)ssj0000318631 035 $a(PQKBManifestationID)11239156 035 $a(PQKBTitleCode)TC0000318631 035 $a(PQKBWorkID)10311143 035 $a(PQKB)11419731 035 $a(MiAaPQ)EBC4975559 035 $a(Au-PeEL)EBL4975559 035 $a(CaONFJC)MIL140177 035 $a(OCoLC)1024275143 035 $a(PPN)123089859 035 $a(EXLCZ)991000000000231796 100 $a20100806d2005 u| 0 101 0 $aeng 135 $aurnn|008mamaa 181 $ctxt$2rdacontent 182 $cc$2rdamedia 183 $acr$2rdacarrier 200 10$aLattice Hadron Physics /$fedited by Alex Kalloniatis, Derek Leinweber, Anthomy Williams 205 $a1st ed. 2005. 210 1$aBerlin, Heidelberg :$cSpringer Berlin Heidelberg :$cImprint: Springer,$d2005. 215 $a1 online resource (XII, 232 p.) 225 1 $aLecture Notes in Physics,$x0075-8450 ;$v663 300 $aBibliographic Level Mode of Issuance: Monograph 311 08$a9783540239116 311 08$a3540239111 327 $aQuenching Effects in Lattice Hadron Physics -- Quark Propagator From LQCD and its Physical Implications -- Generalised Spin Projection for Fermion Actions -- Baryon Spectroscopy in Lattice QCD -- Hadron Structure an QCD: Effective Field Theory for Lattice Simulations -- Lattice Chiral Fermions From Continuum Defects -- Strong and Weak Interactions in a Finite Volume -- Hadron Properties With FLIC Fermions. 330 $aThis series of lectures draws upon the developments made in recent years in implementing chirality on the lattice via the overlap formalism. These developments exploit chiral effective field theory in order to extrapolate lattice results to physical quark masses, new forms of improving operators to remove lattice artefacts, analytical studies of finite volume effects in hadronic observables, and state-of-the-art lattice calculations of excited resonances. This volume is designed to assist those outside the field who want quickly to becoming literate in these topics. So it is intended for graduate students and experienced researchers in other areas of hadronic physics to provide the background through which they can appreciate, if not become active in, contemporary lattice gauge theory and its applications to hadronic phenomena. 410 0$aLecture Notes in Physics,$x0075-8450 ;$v663 606 $aNuclear physics 606 $aHeavy ions 606 $aPhysics 606 $aNuclear Physics, Heavy Ions, Hadrons$3https://scigraph.springernature.com/ontologies/product-market-codes/P23010 606 $aNumerical and Computational Physics, Simulation$3https://scigraph.springernature.com/ontologies/product-market-codes/P19021 615 0$aNuclear physics. 615 0$aHeavy ions. 615 0$aPhysics. 615 14$aNuclear Physics, Heavy Ions, Hadrons. 615 24$aNumerical and Computational Physics, Simulation. 676 $a539.7092 702 $aKalloniatis$b Alex$4edt$4http://id.loc.gov/vocabulary/relators/edt 702 $aLeinweber$b Derek$4edt$4http://id.loc.gov/vocabulary/relators/edt 702 $aWilliams$b Anthomy$4edt$4http://id.loc.gov/vocabulary/relators/edt 801 0$bMiAaPQ 801 1$bMiAaPQ 801 2$bMiAaPQ 906 $aBOOK 912 $a9910144608003321 996 $aLattice hadron physics$9736215 997 $aUNINA